1655 1618 1533 1653 1270 1690 1417 1409 1965 1653 1603 1800 1129 1208 1917 1428 1952 1634 1841 1403 1856 1926 1409 1110 1968 1062 1947 1678 1981 1378 1186 1467 1853 1622 1387 1805 1117 1515 1065 1901 1388 1603 1826 1410 1166 1703 1595 1491 1271 1140 1137 1902 1676 1782 1041 1774 1646 1764 1657 1278 1963 1176 1151 1005 1780 1080 1091 1172 1398 1507 1637 1870 1657 1754 1808 1136 1012 1328 1980 1586 1479 1676 1648 1337 1803 1486 1125 1722 1990 1095 1507 1567 1545 1683 1228 1284 1935 1278 1809 BCNSPRNW ULIB Ver.6.0+V

เปลี่ยนเป็นภาษาไทย

Change to English
 แสดงรายละเอียดบรรณานุกรม
  กลับหน้าหลัก

Brief Record : Get Marc (ISO 2709) : E-mail record : QR code < ปิดหน้าต่าง
LEADER : 00000nam 2200000uu 4500
001    13399125665
003     ULIB
008    170713s2558||||th 000 0 tha d
020    ^a9786161807467
040    ^absi
060 04 ^aWB327^bร135ป
100 0  ^aรติกร เมธาวีกุล
245 10 ^aป้องกันโรคเดี๋ยวนี้สุขภาพดีตลอดชีวิต /^cรติกร เมธาวีกุล, เขียน
250    ^aพิมพ์ครั้งที่ 1
260    ^aกรุงเทพฯ :^bอมรินทร์เฮลท์,^c2558
300    ^a168, [3] หน้า :^bภาพประกอบ ;^c21 ซม.
490 1  ^aชุดชีวิตและสุขภาพ ;^vลำดับที่ 187
650  2 ^aDisease^xprevention & control
650  2 ^aSelf care
650  4 ^aการดูแลสุขภาพด้วยตนเอง
650  4 ^aโรค^xการป้องกันและควบคุม
650  4 ^aสุขภาพ
830  0 ^aชุดชีวิตและสุขภาพ ;^vลำดับที่ 187
945    ^p225^l0^i002654
999    ^aประนอม เกษจรัล
รายการนี้ยังไม่มีแท็ก
คุณยังไม่ได้ล็อกอิน คุณสามารถมีกิจกรรมร่วมกับเว็บไซต์ได้ แต่ต้องล็อกอินก่อน ::
  ล็อกอิน

รายการสื่อสารสนเทศ

ลำดับที่ ประเภท เลขเรียก/บาร์โค้ด สถานที่ สถานะ
1. วิทยาศาสตร์การแพทย์ และสุขภาพ
วิทยาศาสตร์การแพทย์ และสุขภาพ
สถานะ=หนังสือเก่า
WB327 ร135ป ฉ.1 
  Barcode: 002654
ห้องสมุดวิทยาเขตสวรรค์ประชารักษ์
►ส่วนจัดเก็บหนังสือเก่า สปร
บนชั้น
  ขอยืม

รายการใกล้เคียง
    ผู้แต่ง [รติกร เมธาวีกุล]

    หัวเรื่อง [Self care]
    หัวเรื่อง [การดูแลสุขภาพด้วยตนเอง]
    หัวเรื่อง [สุขภาพ]

BibComment


ยังไม่เคยถูกคอมเมนท์

คอมเมนท์ทรัพยากรรายการนี้
  คอมเมนท์: ป้องกันโรคเดี๋ยว..


 Copyright 2026. Bcnsprnw @Library